000 00530nam a2200169 4500
001 106967
003 ES-MaACL
005 20231223063056.0
007 t|
008 061121s1918 sp r ||||1| spa d
100 1 _aMoreno Villa, José,
_d1887-1955
_983443
245 1 0 _aEvoluciones
_b: cuentos, caprichos, bestiario, epitafios y obras paralelas /
_cJosé Moreno Villa.
260 _aMadrid :
_bArtes Gráficas Mateu,
_c1918.
300 _a258 p. ;
_c20 cm.
852 _aES-MaACL
_jF-5569
999 _c106967
_d106967